Pharmacology of the critically ill / (Record no. 4738)

000 -LEADER
fixed length control field 00865nam a2200289 a 4500
003 - CONTROL NUMBER IDENTIFIER
control field ALUPE UNIVERSITY COLLEGE
005 - DATE AND TIME OF LATEST TRANSACTION
control field 20220328093621.0
008 - FIXED-LENGTH DATA ELEMENTS--GENERAL INFORMATION
fixed length control field 010529s2001 enka b 001 0 eng
020 ## - INTERNATIONAL STANDARD BOOK NUMBER
International Standard Book Number 0727912216
040 ## - CATALOGING SOURCE
Transcribing agency ALUPE UNIVERSITY COLLEGE
042 ## - AUTHENTICATION CODE
Authentication code nlmcopyc
049 ## - LOCAL HOLDINGS (OCLC)
Holding library OS2H
050 ## - LIBRARY OF CONGRESS CALL NUMBER
Classification number RC86.7
Item number .P43
090 ## - LOCALLY ASSIGNED LC-TYPE CALL NUMBER (OCLC); LOCAL CALL NUMBER (RLIN)
Classification number (OCLC) (R) ; Classification number, CALL (RLIN) (NR) RC86.7 .P43 2001
245 00 - TITLE STATEMENT
Title Pharmacology of the critically ill /
Statement of responsibility, etc. edited by Gilbert Park, Maire Shelly.
260 ## - PUBLICATION, DISTRIBUTION, ETC.
Place of publication, distribution, etc. London :
Name of publisher, distributor, etc. BMJ Books,
Date of publication, distribution, etc. c2001.
300 ## - PHYSICAL DESCRIPTION
Extent x, 189 p. :
Other physical details ill. ;
Dimensions 24 cm.
504 ## - BIBLIOGRAPHY, ETC. NOTE
Bibliography, etc. note Includes bibliographical references and index.
650 #0 - SUBJECT ADDED ENTRY--TOPICAL TERM
Topical term or geographic name entry element Critical care medicine.
650 #0 - SUBJECT ADDED ENTRY--TOPICAL TERM
Topical term or geographic name entry element Catastrophic illness
General subdivision Chemotherapy.
650 #0 - SUBJECT ADDED ENTRY--TOPICAL TERM
Topical term or geographic name entry element Chemotherapy.
700 1# - ADDED ENTRY--PERSONAL NAME
Personal name Park, G. R.
Fuller form of name (Gilbert R.)
700 1# - ADDED ENTRY--PERSONAL NAME
Personal name Shelly, Maire P.
907 ## - LOCAL DATA ELEMENT G, LDG (RLIN)
a .b23183883
942 ## - ADDED ENTRY ELEMENTS (KOHA)
Source of classification or shelving scheme
Koha item type Book
Suppress in OPAC PW
Holdings
Withdrawn status Lost status Source of classification or shelving scheme Damaged status Not for loan Permanent Location Current Location Shelving location Date acquired Source of acquisition Total Checkouts Full call number Barcode Date last seen Price effective from Koha item type Public note
          AU LIBRARY AU LIBRARY Open Shelf 28.03.2022 DONATION FROM MOI UNIVERSITY   RC86.7 .P43 2001 28007159 28.03.2022 28.03.2022 Book PW

Powered by Koha